| 000 | 00611nam a22002297a 4500 | ||
|---|---|---|---|
| 003 | UA-OsUOA | ||
| 001 | 23256 | ||
| 007 | ta | ||
| 008 | 20040115b un ||||| |||| 00| 0 ukr d | ||
| 090 |
_a246 _bТ70 |
||
| 942 | _cBK | ||
| 040 |
_aUA-OsUOA _brus _cUA-OsUOA _dUA-OsUOA |
||
| 245 |
_aТроице-Сергиева Лавра _cРед. В.П.Овсянников |
||
| 300 |
_a261 с. _bІлюстрації |
||
| 955 | _a0 | ||
| 041 | _arus | ||
| 080 | _a246 | ||
| 260 |
_aМосква _bИздание Московской Патриархии _c1987 |
||
| 044 | _aRU | ||
| 650 | 7 | _2UDC | |
| 999 |
_c309501 _d309501 |
||